Entry Nombre personal
001 - NÚMERO DE CONTROL
- campo de control: 1543
003 - IDENTIFICADOR DEL NÚMERO DE CONTROL
- campo de control: BNPHU
005 - FECHA Y HORA DE LA ÚLTIMA TRANSACCIÓN
- campo de control: 20241021092515.0
008 - DATOS DE LONGITUD FIJA
- campo de control de longitud fija: 200615|| aca||aabn | a|a d
010 ## - NÚMERO DE CONTROL DE LA BIBLIOTECA DEL CONGRESO
- Número de control de LC: nr2003032874
040 ## - FUENTE DE LA CATALOGACIÓN
- Centro catalogador/agencia de origen: DO-SdBNP
- Lengua de catalogación: spa
- Centro/agencia transcriptor: BNPHU
- Normas de descripción: rda
100 1# - ENCABEZAMIENTO-NOMBRE DE PERSONA
- Nombre de persona: Solano, Miguel,
370 ## - LUGAR ASOCIADO
- Lugar de nacimiento: Sabana Grande de Boyá (República Dominicana)
374 ## - OCUPACIÓN
- Ocupación: Economista
- Ocupación: Poeta
- Ocupación: Narrador
- Ocupación: Escritor
- Ocupación: Político
375 ## - GÉNERO/SEXO
- Género/Sexo: Masculino
377 ## - LENGUA/LENGUAJE ASOCIADO
- Código del idioma: spa
400 1# - TRAZADO DE VÉASE--NOMBRE DE PERSONA
- Nombre de persona: Solano, M.
670 ## - FUENTE DE DATOS ENCONTRADOS
- Cita de la fuente: Solano, Miguel, Prisajú :, 2008.
670 ## - FUENTE DE DATOS ENCONTRADOS
- Cita de la fuente: Desafío en la década del alma, 1999
670 ## - FUENTE DE DATOS ENCONTRADOS
- Cita de la fuente: Sitio web del Mester de Narradores de la Academia Dominicana de la Lengua, 11 de diciembre de 2020: | b (Miguel Solano; nacido en Sabana Grande de Boyá, Provincia de Monte Plata, República Dominicana, el 22 de junio de 1958; narrador, poeta, político, economista ; estudió en la Universidad Central del Este; licenciado en economía agrícola del Instituto de Estudios Agrícolas de Mutigliano, Luccas, Italia; candidato presidencial en 2003 por el Partido de la Liberación Dominicana; miembro del grupo Menester de Narradores y miembro correspondiente de la Academia Dominicana de la Lengua Española) | u http://mesterdenarradores.blogspot.com/2007/06/entrada43.html
670 ## - FUENTE DE DATOS ENCONTRADOS
- Cita de la fuente: https://authorities.loc.gov/cgi-bin/Pwebrecon.cgi?AuthRecID=6075327&v1=1&HC=1&SEQ=20241021090531&PID=Ylo2KbNmuG3HcXd2yOOfsAW8S2JQU Consultado en 21 de octubre, 2024
